| 000 | 00651nam a2200145Ia 4500 | ||
|---|---|---|---|
| 008 | 170221s9999 xx 000 0 und d | ||
| 100 | _aValentin Y. Lyubashits | ||
| 245 | _aPsychological Bases of Formation of Key Economical Information Technology Specialist Competencies of Higher Education | ||
| 245 | _cValentin Y. Lyubashits, Alexei A. Shirshov, Leonid M. Lopukhinskiy, Tаtyаnа O. Bondаrеvа, Faiz F. Khizbullin, Lydia M. Stratonova | ||
| 260 | _bInternational Review of Management and Marketing | ||
| 260 | _cDecember 2013 | ||
| 300 | _a5:2 | ||
| 650 | _xMarketing. | ||
| 856 | _uhttp://www.econjournals.com/index.php/irmm/issue/view/70 | ||
| 999 |
_c310322 _d310322 |
||